| Tag |
First Indicator |
Second Indicator |
Subfields |
| LEADER |
00000cam a2200000 a 4500 |
| 001 |
in00001404041 |
| 005 |
20151020054309.0 |
| 008 |
961227s1997 ctu b 001 0 eng |
| 010 |
|
|
|a 96054285
|
| 020 |
|
|
|a 1567201083 (alk. paper)
|
| 035 |
|
|
|a (OCoLC)36165217
|
| 035 |
|
|
|9 AHN1032AM
|
| 040 |
|
|
|a DLC
|c DLC
|d C#P
|d TXA
|d UtOrBLW
|
| 043 |
|
|
|a n-us---
|
| 049 |
|
|
|a TXAM
|
| 050 |
0 |
0 |
|a KF3464
|b .H38 1997
|
| 082 |
0 |
0 |
|a 344.7301/133
|2 21
|
| 100 |
1 |
|
|a Hauck, Vern E.
|
| 245 |
1 |
0 |
|a Arbitrating race, religion, and national origin discrimination grievances /
|c Vern E. Hauck.
|
| 264 |
|
1 |
|a Westport, Conn. :
|b Quorum Books,
|c 1997.
|
| 300 |
|
|
|a xii, 195 pages ;
|c 24 cm.
|
| 336 |
|
|
|a text
|b txt
|2 rdacontent
|
| 337 |
|
|
|a unmediated
|b n
|2 rdamedia
|
| 338 |
|
|
|a volume
|b nc
|2 rdacarrier
|
| 504 |
|
|
|a Includes bibliographical references (pages [183]-186) and index.
|
| 650 |
|
0 |
|a Discrimination in employment
|x Law and legislation
|z United States.
|
| 650 |
|
0 |
|a Grievance arbitration
|z United States.
|
| 999 |
|
|
|a MARS
|
| 999 |
f |
f |
|s b3266812-f51f-37f0-a96b-8c9b8402abd4
|i a74e826d-99a2-329d-92f1-8938c9943deb
|t 0
|
| 952 |
f |
f |
|p ric
|a Texas A&M University
|b Rellis Campus
|c Joint Library Facility
|d Remote Storage
|t 0
|e KF3464 .H38 1997
|h Library of Congress classification
|i unmediated -- volume
|m A14822070078
|
| 998 |
f |
f |
|a KF3464 .H38 1997
|t 0
|l Remote Storage
|